| 000 | 00996nam a2200193 a 4500 | ||
|---|---|---|---|
| 008 | 120416s1991 ||||||||||||||||| || u | ||
| 020 | _a0071008241 | ||
| 050 | _aTD 645 Tch | ||
| 100 | _aTchobanoglous, George | ||
| 245 | 1 | 0 | _aWastewater engineering |
| 246 | _atreatment, disposal, and reuse | ||
| 250 | _a3rd ed. | ||
| 260 |
_aNew York _bMcGraw-Hill _c1991 |
||
| 350 | _a0.00 | ||
| 995 |
_D0.00 _FCBU-MAIN LIBRARY (Kitwe) _H3 _I0.00 _M4 _UDAMAGED _ZMain Library Open Access Collection |
||
| 995 |
_D0.00 _FCBU-MAIN LIBRARY (Kitwe) _H1 _I0.00 _M1 _UAVAILABLE _ZMain Library Open Access Collection |
||
| 995 |
_D0.00 _FCBU-MAIN LIBRARY (Kitwe) _H4 _I0.00 _M3 _UDAMAGED _ZMain Library Open Access Collection |
||
| 995 |
_D0.00 _FCBU-MAIN LIBRARY (Kitwe) _H2 _I0.00 _M2 _ULOST _ZMain Library Open Access Collection |
||
| 999 |
_c78398 _d78398 |
||